zpět

Detail výsledku týmu

The Pub Praha 2 ST, Praha

Datum a čas kvízu

24.5 Celkem bodů Celkový počet nahraných bodů na tomto kvízu bez doplňovacích otázek.
10. Pořadí na kvízu Konečné umístění týmu na tomto kvízu.

Zaznamenané odpovědi

# Otázka Odpověď Body Výsledky
1. Jak jste pravděpodobně zazname... Mortimer 0
2. V sousedním Rakousku před něko... Sebastian Kurz 0
3. Minulý týden vstoupil do český... Joaquin Phoenix 1
4. Ve čtvrtek byla v Praze otevře... Tesla 1
5. Minulý týden ukončila biatlono... Anastasia Kuzminová 1
6. Napíšete-li název afghánské le... Bagrám 0
7. Jak se jmenuje současný náčeln... Aleš Opata 1
8. Jak se nazývá město, u něhož s... Náměšť nad Oslavou 0
9. Jednou z prvních zahraničních... Kosovo 0
10. Napište čtyřpísmenné označení... BREN 0